| 000 | 00507nam a22001937a 4500 | ||
|---|---|---|---|
| 003 | OSt | ||
| 005 | 20181002183905.0 | ||
| 008 | 160613b xxu||||| |||| 00| 0 eng d | ||
| 020 | _a9780853697169 | ||
| 040 | _cDNLM | ||
| 082 | _aQV 737W291c 2008. | ||
| 100 |
_aWaterfield ,Jon _99385 |
||
| 245 | _aCommunity Pharmacy Handbook. | ||
| 260 |
_aLondon; _bPharmaceutical Press, _c2008. |
||
| 300 |
_axiv,287p; _bcol,ill; _c24cm. |
||
| 504 | _aincludes index. | ||
| 650 |
_aPharmacy. _99386 |
||
| 942 |
_2z _cO_SHELF |
||
| 999 |
_c4353 _d4353 |
||